000 00801nam a2200205 a 4500
001 000040494
005 20201002034153.0
008 130826s2010 mx 000 0 spa d
020 _a9786070212352
040 _aDO-SdBNP
_bspa
_cBNPHU
100 1 _aLizalde, Eduardo
_966798
245 1 3 _aLa poesía mexicana esplendor e infortunios :
_bdiscurso de ingreso a la Academia Mexicana de la Lengua 24 de mayo de 2007 ; Respuesta /
_cEduardo Lizalde, Ernesto de la Peña.
246 1 3 _aRespuesta
260 _aMéxico :
_bUniversidad Autónoma de México : Academia Mexicana de la Lengua,
_c2010.
300 _a67 p. ;
_c17 cm.
490 1 _aDifusión Cultural
700 1 _aPeña, Ernesto de la
_tRepuesta
_966799
710 2 _aAcademia Mexicana de la Lengua
_966800
830 0 _aDifusión cultural
_966273
999 _c39984
_d39984